Times Da Ligue 1 22/23 - Statistics

Estatísticas Gerais
  • Esse quiz foi jogado 103 vezes
  • A pontuação média é 14 de 20
Estatísticas das Respostas
Imagem Resposta % Correto
PSG
100%
Mônaco
96%
Lyon
95%
Olympique de Marseille
93%
LOSC Lille
86%
Nantes
85%
Nice
80%
Rennes
78%
Montpellier
72%
Lens
69%
Lorient-Bretagne
66%
Reims
62%
Toulouse
62%
Strasbourg
59%
Auxerre
53%
Ajaccio
50%
Clermont
49%
Troyes
49%
Angers
46%
Stade Brest
46%
Nenhum quiz correspondente encontrado
Distribuição das Pontuações
Porcentagem de Pessoas com Cada Pontuação
Percentil de Números Respondidos
Sua Pontuação Histórica
Você não jogou esse quiz